Les lanternes rouges de ligue 1 chaque saison depuis 2000/2001 - Statistiques

Statistiques générales
  • Ce quiz a été pris 74 fois
  • Le résultat moyen est 19 sur 25
Statistiques - réponses
Saison Club % Correct
2005/2006 FC Metz
97%
2007/2008 FC Metz
97%
2017/2018 FC Metz
97%
2003/2004 HSC Montpellier
86%
2024/2025 HSC Montpellier
86%
2014/2015 RC Lens
84%
2021/2022 FC Girondins de Bordeaux
83%
2022/2023 SCO Angers
83%
2019/2020 Toulouse FC
81%
2023/2024 Clermont Foot 63
78%
2001/2002 FC Lorient
78%
2000/2001 RC Strasbourg
78%
2006/2007 FC Nantes
77%
2013/2014 AC Ajaccio
74%
2011/2012 AJ Auxerre
74%
2018/2019 EA Guingamp
74%
2016/2017 SC Bastia
74%
2002/2003 ESTAC Troyes
72%
2015/2016 ESTAC Troyes
72%
2012/2013 Stade Brestois 29
72%
2008/2009 Le Havre AC
70%
2009/2010 Grenoble Foot 38
68%
2020/2021 FCO Dijon
65%
2010/2011 Arles-Avignon
54%
2004/2005 FC Istres
43%
Aucun quiz correspondant
Distribution des résultats
% des personnes avec chaque résultat
Percentile par nombre de réponses
Votre historique - résultats
Vous n’avez pas pris ce quiz